| 000 | 00478 a2200193 4500 | ||
|---|---|---|---|
| 005 | 20240719164955.0 | ||
| 008 | 240719b |||||||| |||| 00| 0 eng d | ||
| 020 |
_a9789381991879 _cRs. 850.00 |
||
| 040 | _aMAIN | ||
| 082 |
_a346.0134 _bG959W |
||
| 100 | _aGupta, Madhu | ||
| 245 | _aWomen, law and judicial system | ||
| 260 |
_bSwastik Publications _c2014 _aDelhi |
||
| 300 | _a240 | ||
| 650 | _aLaw | ||
| 650 | _aWomen- Law | ||
| 650 | _aJudicial System | ||
| 942 | _cBK | ||
| 999 |
_c311938 _d311938 |
||